Собрание стихов

Dettagli Bibliografici
Autore principale: Ходасевич В. Ф. Владислав Фелицианович
Altri autori: Лаврин А. (составитель)
Lingua:russo
Pubblicazione: Москва, Центурион. Интерпракс, 1992
Serie:Серебряный век
Soggetti:
Natura: MixedMaterials Libro
KOHA link:https://koha.lib.tpu.ru/cgi-bin/koha/opac-detail.pl?biblionumber=123802

MARC

LEADER 00000nam0a2200000 4500
001 123802
005 20231101215828.0
010 |a 5708500581 
020 |a RU  |b 92-18400 
035 |a (RuTPU)RU\TPU\book\133991 
090 |a 123802 
100 |a 20071024d1992 m y0rusy5003 ca 
101 0 |a rus 
102 |a RU 
105 |a a z 000gy 
200 1 |a Собрание стихов  |f В. Ф. Ходасевич  |g сост. и авт. предисл. А. Лаврин 
210 |a Москва  |c Центурион. Интерпракс  |d 1992 
215 |a 448 с.  |c портр., ил.  |d 21 см 
225 1 |a Серебряный век 
327 1 |a Содерж.: Разделы: Из ранних книг; Счастливый домик; Собрание стихов 1927 года; Стихотворения разных лет, не собранные в книги и не опубликованные при жизни 
610 1 |a русская литература 
610 1 |a поэзия 
675 |a Р1  |z rus 
700 1 |a Ходасевич  |b В. Ф.  |c российский поэт  |f 1886-1939  |g Владислав Фелицианович  |2 stltpush  |3 (RuTPU)RU\TPU\pers\1197  |9 534 
702 1 |a Лаврин  |b А.  |4 220 
801 0 |a RU  |b RuMRKP  |c 19950417  |g psbo 
801 1 |a RU  |b 63413507  |c 20071024  |g PSBO 
801 2 |a RU  |b 63413507  |c 20071024  |g PSBO 
942 |c BK